000 00582nam a2200193 i 4500
001 102368
003 ES-MaACL
005 20231228062658.0
007 t|
008 051110s1951 sp ||||1| spa d
100 1 _aMerchán González, Miguel.
_980457
245 1 3 _aEl hombro doloroso /
_cpor M. Merchán González; [prólogo G. Marañón].
250 _a[1ª ed.].
260 _aBarcelona :
_bSalvat,
_c1951.
300 _aXVI, 141 p. :
_bil. ;
_c22 cm.
700 1 _aMarañón, Gregorio,
_d1887-1960
_976311
852 _aES-MaACL
_jD-5870
_bR.31517
999 _c102368
_d102368